Vista normal
Vista MARC
Entrada Topical Term
Número de registros utilizados en: 2
001 - CONTROL NUMBER
- control field: 11148
003 - CONTROL NUMBER IDENTIFIER
- control field: OSt
005 - DATE AND TIME OF LATEST TRANSACTION
- control field: 20230915230158.0
008 - FIXED-LENGTH DATA ELEMENTS
- fixed length control field: 230915|| aca||aabn | a|a d
040 ## - CATALOGING SOURCE
- Original cataloging agency: OSt
- Transcribing agency: OSt
150 ## - HEADING--TOPICAL TERM
- Topical term or geographic name entry element: VICTIMAS DE LOS CONFLLICTOS
670 ## - SOURCE DATA FOUND
- Source citation: Work cat.: (OSt)21105: COMITE INTERNACINAL DE LA CRUZ ROJA 11143, Conflicto Armado y Derecho Humanitario, 1997